000 00443nam a2200169Ia 4500
008 230125s9999 xx 000 0 und d
041 _aeng
082 _a343.071
_bBEN
100 _aBendre D
_9114502
245 _aIchapatra will ani grahak saurakshan kayada
260 _c2003
_bShah Ramanbhai
_aPune
300 _a32p
500 _aConsumer protection act;Bare Acts
650 _aLaw
700 _aBendre D
_9114502
999 _c91916
_d91916